000 01074pam a2200289 a 4500
001 3560199
003 ARRUPE
005 20150911091543.0
008 980501s1998 si a b 001 0 eng
010 _a 98019046
020 _a9810227523
040 _aDLC
_cDLC
_dDLC
050 0 0 _aQC6
_b.R578 1998
082 0 0 _a530
_221
245 1 0 _aEndophysics :
_bthe world from within, a new approach to the observer-problem with applications in physics, biologt and mathematics. /
_cedited by George kampis and Peter Weibel
260 _aAerial
_bSanta Cruz,
_c1993.
300 _avii, 238p. ;
_c21 cm.
650 0 _aPhysics
_xPhilosophy.
_919514
650 0 _aChaotic behavior in systems.
_914155
650 0 _aQuantum theory.
_919515
650 0 _aVirtual reality.
_910495
700 _aKampis, George
_eed.
_919818
700 _aWeibel, Peter
_eed.
_919819
906 _a7
_bcbc
_corignew
_d1
_eocip
_f19
_gy-gencatlg
942 _2lcc
_cMONOGRAPH
999 _c123299
_d123299